Administração pública : (Record no. 984)

MARC details
000 -LÍDER
Campo Fixo de Controle 00777nam a2200265 a 4500
001 - NÚMERO DE CONTROLE
Campo de Controle 984
003 - IDENTIFICAÇÃO DO NÚMERO DE CONTROLE
Campo de Controle BR-CuiBMT
005 - DATA E HORA DA ÚLTIMA ATUALIZAÇÃO
Campo de Controle 20231124200207.0
008 - DADOS FIXOS
Dados Fixos 231124s2008 rjba 000 0 por d
020 ## - INTERNATIONAL STANDARD BOOK NUMBER
Nº do ISBN 9788578420024
040 ## - AGÊNCIA CATALOGADORA
Código da Agência Catalogadora BR-CuiBMT
Agência que transcreveu o registro BR-CuiBMT
080 ## - Nº DA CLASSIFICAÇÃO DECIMAL UNIVERSAL
Nº edição CDU 2007
Nº Class. CDU 35
090 ## - NÚMERO DE CHAMADA
Nº classificação 35
Cutter M357a
100 1# - ENTRADA PRINCIPAL -- AUTOR PESSOAL
Nome pessoal Marques, Marcelo
245 10 - TÍTULO PRINCIPAL
Título principal Administração pública :
Subtítulo uma abordagem prática /
Indicação de responsabilidade Marcelo Marques.
260 ## - PUBLICAÇÃO, DISTRIBUIÇÃO, ETC.
Local de publicação Rio de Janeiro :
Editora Editora Ferreira,
Data c2008.
300 ## - DESCRIÇÃO FÍSICA
N. páginas ou volumes 332 p. :
Ilustrações il. color. ;
Dimensões 24 cm
490 1# - INDICAÇÃO DE SÉRIE
Título da série Concursos
504 ## - NOTA DE BIBLIOGRAFIA, ETC.
Nota de bibliografia Inclui bibliografia.
590 ## - NOTA LOCAL
Nota local A biblioteca possui a 2. reimpr. 2009.
650 ## - ASSUNTO TÓPICO
Cabeçalho tópico ou nome geográfico Administração pública
650 ## - ASSUNTO TÓPICO
Cabeçalho tópico ou nome geográfico Serviço público
Subdivisão de forma concursos
Subdivisão geográfica Brasil
830 #0 - ENTRADA SECUNDÁRIA DE SÉRIE -- TÍTULO UNIFORME
Título uniforme Concursos
942 ## - ELEMENTOS DE ENTRADA ADICIONAIS (KOHA)
Fonte de classificação ou esquema de arquivamento Classificação Decimal Universal
Tipo de item do Koha Livros
Holdings
Estado: removido Estado: perdido Fonte de classificação ou esquema de arquivamento Estado: danificado Indisponível para empréstimo Localização permanente Localização atual Data de aquisição Total Checkouts Número de Chamada completo Código de barras Date last seen Número do exemplar Preço efetivo a partir de Tipo de item (Koha)
    Classificação Decimal Universal     Biblioteca da Escola Superior de Contas do TCE/MT Biblioteca da Escola Superior de Contas do TCE/MT 24/11/2023   35 M357a BIBTCEMT23111054 24/11/2023 Ex. 1 24/11/2023 Livros
    Classificação Decimal Universal     Biblioteca da Escola Superior de Contas do TCE/MT Biblioteca da Escola Superior de Contas do TCE/MT 27/11/2023   35 M357a BIBTCEMT23111124 27/11/2023 Ex. 2 27/11/2023 Livros

Powered by Koha